[Event "18th HZ Open 2014"]
[Site "Vlissingen NED"]
[Date "2014.08.07"]
[Round "7.35"]
[White "Mostertman, M."]
[Black "Schouten, Jordy"]
[Result "1-0"]
[WhiteElo "2284"]
[BlackElo "1984"]
[PlyCount "91"]
[EventDate "2014.08.02"]
[EventType "swiss"]
[EventRounds "9"]
[EventCountry "NED"]
[Source "Mark Crowther"]
[SourceDate "2014.08.11"]

1. e4 c5 2. Nf3 Nc6 3. d4 cxd4 4. Nxd4 e5 5. Nb5 a6 6. Nd6+ Bxd6 7. Qxd6 Qe7 8.
Qxe7+ Ngxe7 9. Bd2 d5 10. Nc3 Be6 11. O-O-O O-O-O 12. exd5 Nxd5 13. Bc4 Nc7 14.
Bxe6+ Nxe6 15. Ne4 Rd7 16. Be3 Rhd8 17. Rxd7 Rxd7 18. g4 f6 19. h4 Nb4 20. a3
Nd5 21. h5 Nxe3 22. fxe3 h6 23. Rd1 Rc7 24. Nd6+ Kb8 25. b3 Ka7 26. Kb2 Ng5 27.
c4 b6 28. Ne8 Re7 29. Nd6 Rc7 30. Kc3 Kb8 31. b4 Rd7 32. c5 Ne4+ 33. Kc4 b5+
34. Kd5 Nc3+ 35. Ke6 Nxd1 36. Kxd7 Nxe3 37. c6 Nd5 38. Ke6 Nb6 39. Kf7 Nc4 40.
Ne4 Nxa3 41. Kxg7 a5 42. Kxh6 axb4 43. Kg7 b3 44. h6 b2 45. Nd2 Nc4 46. Nb1 1-0

[Event "18th HZ Open 2014"]
[Site "Vlissingen NED"]
[Date "2014.08.07"]
[Round "7.36"]
[White "Schippers, Maurice"]
[Black "Sparreboom, W."]
[Result "1-0"]
[WhiteElo "2267"]
[BlackElo "1973"]
[PlyCount "49"]
[EventDate "2014.08.02"]
[EventType "swiss"]
[EventRounds "9"]
[EventCountry "NED"]
[Source "Mark Crowther"]
[SourceDate "2014.08.11"]

1. e4 e6 2. d4 d5 3. Nd2 dxe4 4. Nxe4 Nd7 5. Nf3 Ngf6 6. Bg5 Be7 7. Nxf6+ Nxf6
8. Bd3 c5 9. O-O cxd4 10. Nxd4 O-O 11. c3 Qa5 12. Bh4 Re8 13. Re1 Bd7 14. Qc2
Rad8 15. Bxf6 Bxf6 16. Bxh7+ Kh8 17. Re3 Bxd4 18. cxd4 e5 19. dxe5 Rxe5 20. b4
Qd5 21. Be4 Qd6 22. Rd1 Qe7 23. Qc7 Rc8 24. Qxb7 Be6 25. Qxe7 1-0

[Event "18th HZ Open 2014"]
[Site "Vlissingen NED"]
[Date "2014.08.07"]
[Round "7.37"]
[White "Van der Zalm, M."]
[Black "Kartsev, So"]
[Result "1-0"]
[WhiteElo "2057"]
[BlackElo "2264"]
[PlyCount "69"]
[EventDate "2014.08.02"]
[EventType "swiss"]
[EventRounds "9"]
[EventCountry "NED"]
[Source "Mark Crowther"]
[SourceDate "2014.08.11"]

1. d4 Nf6 2. c4 e6 3. Nc3 Bb4 4. e3 c5 5. Bd3 Nc6 6. Nge2 d5 7. cxd5 Nxd5 8. a3
Ba5 9. O-O cxd4 10. exd4 O-O 11. Bc2 f5 12. Nxd5 Qxd5 13. Bb3 Qd8 14. d5 exd5
15. Bxd5+ Kh8 16. Bf4 Qf6 17. b4 Bb6 18. Qb3 Re8 19. Ng3 Bd7 20. Rad1 Nd4 21.
Qa2 Be6 22. Rde1 Bxd5 23. Qxd5 Qc6 24. Qxc6 Nxc6 25. Be3 g6 26. Bxb6 Rxe1 27.
Rxe1 axb6 28. h3 b5 29. Ra1 Kg7 30. Ne2 Kf6 31. f4 Ke6 32. Nc3 Nxb4 33. Re1+
Kd6 34. axb4 Ra4 35. Nxa4 1-0

[Event "18th HZ Open 2014"]
[Site "Vlissingen NED"]
[Date "2014.08.07"]
[Round "7.38"]
[White "Galle, A."]
[Black "Rebers, E."]
[Result "0-1"]
[WhiteElo "2003"]
[BlackElo "2240"]
[PlyCount "64"]
[EventDate "2014.08.02"]
[EventType "swiss"]
[EventRounds "9"]
[EventCountry "NED"]
[Source "Mark Crowther"]
[SourceDate "2014.08.11"]

1. d4 f5 2. Nf3 Nf6 3. g3 g6 4. Bg2 Bg7 5. O-O O-O 6. c4 d6 7. Nc3 c6 8. d5 Bd7
9. Nd4 Qe8 10. Rb1 Na6 11. e4 fxe4 12. Nxe4 Nxe4 13. Bxe4 Nc7 14. Be3 c5 15.
Ne2 b5 16. b3 a5 17. Nf4 Qc8 18. h4 Bf5 19. Qd3 b4 20. Rfe1 a4 21. h5 g5 22.
Ne6 Bxe4 23. Qxe4 Nxe6 24. dxe6 Bf6 25. Qg4 Kh8 26. Bxg5 Bxg5 27. Qxg5 Rf6 28.
Re3 axb3 29. axb3 Ra2 30. f4 Rxe6 31. Rbe1 Rxe3 32. Rxe3 Qh3 0-1

[Event "18th HZ Open 2014"]
[Site "Vlissingen NED"]
[Date "2014.08.07"]
[Round "7.39"]
[White "Timmermans, I."]
[Black "Huijzer, Ja"]
[Result "1-0"]
[WhiteElo "2203"]
[BlackElo "1969"]
[PlyCount "111"]
[EventDate "2014.08.02"]
[EventType "swiss"]
[EventRounds "9"]
[EventCountry "NED"]
[Source "Mark Crowther"]
[SourceDate "2014.08.11"]

1. e4 c5 2. Nf3 g6 3. d4 cxd4 4. Nxd4 Bg7 5. c4 Nc6 6. Nc2 Nf6 7. Nc3 O-O 8.
Be2 d6 9. O-O b6 10. Be3 Bb7 11. Qd2 Rc8 12. f3 Ne5 13. b3 Re8 14. Rfd1 Qc7 15.
Rac1 Qb8 16. Nd4 Ned7 17. Bf1 Ba8 18. Kh1 Bb7 19. a4 Nc5 20. Qa2 Na6 21. a5 Nb4
22. Qa3 bxa5 23. Qxa5 Nc6 24. Nxc6 Bxc6 25. b4 a6 26. Qxa6 Qxb4 27. Nb5 Bxb5
28. cxb5 Ra8 29. Ba7 Nd7 30. Rb1 Nc5 31. Qc6 Qa4 32. Bxc5 dxc5 33. Qxc5 Rac8
34. Qd5 Qa5 35. b6 Qxd5 36. Rxd5 e6 37. Rd7 Be5 38. b7 Rcd8 39. Bb5 Bb8 40.
Rbd1 Rxd7 41. Rxd7 g5 42. Kg1 Kg7 43. g3 h6 44. Kf2 Kf6 45. Bc6 Kg7 46. Ke3 Kf6
47. Kd4 Ba7+ 48. Kc4 Bb8 49. Kb5 h5 50. Kb6 h4 51. Rc7 Rd8 52. Rc8 Ke7 53. Rxb8
Rxb8 54. Kc7 Rd8 55. gxh4 gxh4 56. e5 1-0

[Event "18th HZ Open 2014"]
[Site "Vlissingen NED"]
[Date "2014.08.07"]
[Round "7.40"]
[White "Voege, Tobias"]
[Black "Ratsma, Midas"]
[Result "1-0"]
[WhiteElo "1990"]
[BlackElo "2171"]
[PlyCount "81"]
[EventDate "2014.08.02"]
[EventType "swiss"]
[EventRounds "9"]
[EventCountry "NED"]
[Source "Mark Crowther"]
[SourceDate "2014.08.11"]

1. c4 Nf6 2. Nc3 c5 3. g3 g6 4. Bg2 Bg7 5. Nf3 O-O 6. O-O d6 7. Rb1 Nc6 8. a3
d5 9. cxd5 Nxd5 10. Nxd5 Qxd5 11. d3 Qd6 12. Be3 Be6 13. Nd2 b6 14. Ne4 Qd7 15.
Qd2 Rfd8 16. Bh6 Bh8 17. Ng5 Bd5 18. Bh3 e6 19. b4 cxb4 20. axb4 a5 21. bxa5
bxa5 22. e4 Bc4 23. Qf4 Nd4 24. Qxf7+ Qxf7 25. Nxf7 Ne2+ 26. Kg2 Rxd3 27. Nxh8
Kxh8 28. Rb7 a4 29. Rc7 Bb3 30. Rb1 Rd6 31. Bg4 Nd4 32. Bg7+ Kg8 33. Be5 Rdd8
34. Bf6 a3 35. Rxb3 a2 36. Rbb7 a1=Q 37. Rg7+ Kf8 38. Rxh7 Rd7 39. Rbxd7 Ke8
40. Rde7+ Kd8 41. Rh8# 1-0

[Event "18th HZ Open 2014"]
[Site "Vlissingen NED"]
[Date "2014.08.07"]
[Round "7.42"]
[White "Van Houtte, R."]
[Black "Boelhouwer, Collin"]
[Result "1-0"]
[WhiteElo "1967"]
[BlackElo "2148"]
[PlyCount "137"]
[EventDate "2014.08.02"]
[EventType "swiss"]
[EventRounds "9"]
[EventCountry "NED"]
[Source "Mark Crowther"]
[SourceDate "2014.08.11"]

1. c4 Nf6 2. g3 g6 3. Bg2 Bg7 4. Nc3 O-O 5. e4 d6 6. Nge2 e5 7. O-O c6 8. d3
Nbd7 9. h3 a5 10. Be3 Re8 11. g4 Nf8 12. Ng3 Ne6 13. Qd2 Nd7 14. Nce2 Ndc5 15.
d4 exd4 16. Nxd4 Qe7 17. Rad1 a4 18. f4 Rd8 19. f5 Nxd4 20. Bxd4 Bxd4+ 21. Qxd4
Rd7 22. Qf2 Qe5 23. h4 b6 24. Rfe1 Ba6 25. Bf1 f6 26. fxg6 hxg6 27. h5 Rg7 28.
h6 Rh7 29. Qe3 Rd8 30. Rd2 Bc8 31. Be2 g5 32. Bd1 Rxh6 33. Nf5 Bxf5 34. exf5
Re8 35. Qxe5 Rxe5 36. Rxe5 fxe5 37. b4 axb3 38. axb3 Kf7 39. Ra2 d5 40. Ra7+
Kf8 41. b4 Ne4 42. cxd5 cxd5 43. Ba4 Rd6 44. Ra8+ Kf7 45. Ra7+ Kg8 46. Ra8+ Kg7
47. Ra7+ Kh6 48. Re7 Nf6 49. Rxe5 Kg7 50. Bd1 d4 51. Kf2 Nd5 52. Bb3 Nxb4 53.
Re7+ Kf6 54. Rh7 Ke5 55. Kf3 Nd5 56. Bxd5 Kxd5 57. Rg7 b5 58. Rxg5 Kc4 59. Rg6
Rd8 60. Ke2 b4 61. g5 b3 62. Rc6+ Kb5 63. Rc1 Rd5 64. Rf1 Kb4 65. f6 Rd8 66.
Kd3 b2 67. g6 Kb3 68. f7 Rc8 69. Rb1 1-0

[Event "18th HZ Open 2014"]
[Site "Vlissingen NED"]
[Date "2014.08.07"]
[Round "7.43"]
[White "Gijsen, S."]
[Black "Hammann, Jonas"]
[Result "1-0"]
[WhiteElo "2144"]
[BlackElo "1860"]
[PlyCount "95"]
[EventDate "2014.08.02"]
[EventType "swiss"]
[EventRounds "9"]
[EventCountry "NED"]
[Source "Mark Crowther"]
[SourceDate "2014.08.11"]

1. d4 d5 2. c4 e6 3. Nc3 c5 4. cxd5 exd5 5. Nf3 Nc6 6. g3 Nf6 7. Bg2 Be7 8. O-O
O-O 9. dxc5 d4 10. Na4 Bf5 11. Ne1 Be4 12. Nd3 Bxg2 13. Kxg2 Qd5+ 14. f3 Rad8
15. b4 Rfe8 16. Qb3 Qf5 17. Nab2 Nd5 18. Nc4 Bg5 19. Nd6 Rxe2+ 20. Rf2 Rxf2+
21. Nxf2 Rxd6 22. g4 Qe5 23. cxd6 Bxc1 24. Rxc1 Ne3+ 25. Kg1 Qf4 26. Qb1 Qxd6
27. b5 Ne7 28. Qe4 Qa3 29. Nd3 Qd6 30. Qxb7 g6 31. Qxa7 Qf6 32. Qa8+ Kg7 33.
Qe4 N7d5 34. Qe5 Qxe5 35. Nxe5 Nf4 36. Kf2 Kf6 37. b6 Kxe5 38. b7 Nd3+ 39. Ke2
Nxc1+ 40. Kd2 Nf1+ 41. Kxc1 Kf4 42. b8=Q+ Kxf3 43. Qd6 Ke3 44. Qe7+ Kd3 45.
Qxf7 Ne3 46. Qf3 Kc4 47. Kd2 Nd5 48. a4 1-0

[Event "18th HZ Open 2014"]
[Site "Vlissingen NED"]
[Date "2014.08.07"]
[Round "7.44"]
[White "Stange, S."]
[Black "Van t Hoff, Kees"]
[Result "1-0"]
[WhiteElo "2137"]
[BlackElo "1793"]
[PlyCount "43"]
[EventDate "2014.08.02"]
[EventType "swiss"]
[EventRounds "9"]
[EventCountry "NED"]
[Source "Mark Crowther"]
[SourceDate "2014.08.11"]

1. d4 Nf6 2. c4 d5 3. cxd5 Nxd5 4. e4 Nb6 5. Nf3 Bg4 6. Be2 e6 7. O-O Be7 8.
Be3 c6 9. a4 a5 10. Qb3 N8d7 11. Rd1 Qc7 12. Nc3 Bb4 13. Rac1 Rc8 14. Bg5 O-O
15. Na2 Bd6 16. e5 Bb4 17. Nxb4 axb4 18. Be7 Rfe8 19. Bd6 Qd8 20. Qxb4 Nd5 21.
Qxb7 Nf4 22. Kf1 1-0

[Event "18th HZ Open 2014"]
[Site "Vlissingen NED"]
[Date "2014.08.07"]
[Round "7.45"]
[White "Freer, Glenn"]
[Black "Middelveld, M."]
[Result "0-1"]
[WhiteElo "1926"]
[BlackElo "2119"]
[PlyCount "72"]
[EventDate "2014.08.02"]
[EventType "swiss"]
[EventRounds "9"]
[EventCountry "NED"]
[Source "Mark Crowther"]
[SourceDate "2014.08.11"]

1. e4 e6 2. Qe2 c5 3. Nc3 Nc6 4. d3 d5 5. g3 Nf6 6. Bg2 Nd4 7. Qd1 Be7 8. Nge2
O-O 9. O-O Nc6 10. a3 d4 11. Nb1 Rb8 12. h3 b5 13. b3 e5 14. f4 Ne8 15. f5 c4
16. Nd2 Ba6 17. Nf3 cxb3 18. cxb3 b4 19. a4 Nd6 20. h4 Nb7 21. Bb2 Nc5 22. Nc1
Bf6 23. Re1 Qe7 24. Bf1 g6 25. Nd2 Kh8 26. fxg6 fxg6 27. Nf3 Rf7 28. Bg2 Rbf8
29. Rf1 Bg7 30. Kh2 Bh6 31. Re1 g5 32. Re2 Rxf3 33. Bxf3 Rxf3 34. Rc2 g4 35.
Rg2 Be3 36. Ra2 Qxh4+ 0-1

[Event "18th HZ Open 2014"]
[Site "Vlissingen NED"]
[Date "2014.08.07"]
[Round "7.46"]
[White "Verbruggen, S."]
[Black "Rosmuller, A."]
[Result "0-1"]
[WhiteElo "1921"]
[BlackElo "2104"]
[PlyCount "122"]
[EventDate "2014.08.02"]
[EventType "swiss"]
[EventRounds "9"]
[EventCountry "NED"]
[Source "Mark Crowther"]
[SourceDate "2014.08.11"]

1. e4 e5 2. Nf3 Nc6 3. Bb5 d6 4. d4 Bd7 5. d5 Nb8 6. Bxd7+ Nxd7 7. c4 Ngf6 8.
Nc3 Nc5 9. Qc2 a5 10. Be3 Nfd7 11. O-O g6 12. Nd2 Bg7 13. b3 O-O 14. a3 f5 15.
f3 Na6 16. Rab1 Qh4 17. b4 axb4 18. axb4 Bh6 19. Bf2 Qe7 20. Rfd1 Kh8 21. Na4
Qe8 22. c5 Nf6 23. cxd6 cxd6 24. Nb6 Rd8 25. Rb3 Bxd2 26. Rxd2 fxe4 27. fxe4
Ng4 28. Qc4 Rf7 29. Bh4 Qf8 30. Bxd8 Qh6 31. Bf6+ Rxf6 32. Rh3 Qxd2 33. Qc8+
Kg7 34. Qxb7+ Rf7 35. Rxh7+ Kxh7 36. Qxf7+ Kh6 37. Qf8+ Kh5 38. Qh8+ Nh6 39.
g4+ Kxg4 40. Qc8+ Kf3 41. Qh3+ Kxe4 42. Qh4+ Qf4 43. Qe1+ Qe3+ 44. Qxe3+ Kxe3
45. b5 Nc5 46. Nc4+ Kd4 47. Nxd6 Kxd5 48. Ne8 e4 49. Kf2 Kd4 50. b6 Ng4+ 51.
Ke2 Nxh2 52. Nd6 Ng4 53. b7 Nd7 54. Nb5+ Ke5 55. Nc3 Nb8 56. Nd1 Kd4 57. Nb2
Ne5 58. Nd1 Nc4 59. Kf2 Nd6 60. Kg3 Nxb7 61. Kf4 Nd7 0-1

[Event "18th HZ Open 2014"]
[Site "Vlissingen NED"]
[Date "2014.08.07"]
[Round "7.47"]
[White "Ducarmon, R."]
[Black "Oude Brunink, E."]
[Result "1/2-1/2"]
[WhiteElo "2099"]
[BlackElo "1683"]
[PlyCount "30"]
[EventDate "2014.08.02"]
[EventType "swiss"]
[EventRounds "9"]
[EventCountry "NED"]
[Source "Mark Crowther"]
[SourceDate "2014.08.11"]

1. e4 c5 2. Nf3 d6 3. d4 cxd4 4. Nxd4 Nf6 5. Nc3 e6 6. f4 Nc6 7. Be3 a6 8. Qf3
Qc7 9. h3 Be7 10. g4 b5 11. a3 Bb7 12. Bg2 Na5 13. Rd1 Rc8 14. Bc1 Nc4 15. Nde2
Qc5 1/2-1/2

[Event "18th HZ Open 2014"]
[Site "Vlissingen NED"]
[Date "2014.08.07"]
[Round "7.49"]
[White "Kragge, Jan"]
[Black "Hekhuis, J."]
[Result "0-1"]
[WhiteElo "1634"]
[BlackElo "2066"]
[PlyCount "34"]
[EventDate "2014.08.02"]
[EventType "swiss"]
[EventRounds "9"]
[EventCountry "NED"]
[Source "Mark Crowther"]
[SourceDate "2014.08.11"]

1. e4 c5 2. Nf3 g6 3. d4 Bg7 4. dxc5 Qa5+ 5. c3 Qxc5 6. Be3 Qc7 7. Qb3 Nc6 8.
Nbd2 Nf6 9. h3 O-O 10. Be2 d6 11. Rc1 Be6 12. Qc2 d5 13. Nd4 Nxd4 14. Bxd4 dxe4
15. Nxe4 Nxe4 16. Bxg7 Nxf2 17. O-O Nxh3+ 0-1

[Event "18th HZ Open 2014"]
[Site "Vlissingen NED"]
[Date "2014.08.07"]
[Round "7.50"]
[White "Van der Klis, Dick"]
[Black "Provoost, S."]
[Result "1/2-1/2"]
[WhiteElo "1941"]
[BlackElo "2260"]
[PlyCount "75"]
[EventDate "2014.08.02"]
[EventType "swiss"]
[EventRounds "9"]
[EventCountry "NED"]
[Source "Mark Crowther"]
[SourceDate "2014.08.11"]

1. c4 c6 2. g3 d5 3. Bg2 Nf6 4. cxd5 cxd5 5. Nf3 Nc6 6. O-O e5 7. d3 Be7 8. b3
O-O 9. Bb2 Bd6 10. Nfd2 Re8 11. Nc3 Bf8 12. Rc1 Bg4 13. h3 Be6 14. Na4 Nd7 15.
Nc3 Nb6 16. a3 Qd7 17. Kh2 f6 18. b4 Nd4 19. e3 Nb5 20. Na4 Nxa4 21. Qxa4 b6
22. Qd1 Nd6 23. f4 exf4 24. gxf4 Bf7 25. e4 dxe4 26. dxe4 Rad8 27. e5 Nf5 28.
Ne4 Ne3 29. Qxd7 Nxf1+ 30. Bxf1 Rxd7 31. Bb5 Rdd8 32. Bxe8 Bxe8 33. exf6 Bg6
34. fxg7 Bxe4 35. gxf8=Q+ Kxf8 36. Be5 Rd2+ 37. Kg3 Rd3+ 38. Kg4 1/2-1/2

[Event "18th HZ Open 2014"]
[Site "Vlissingen NED"]
[Date "2014.08.08"]
[Round "8.1"]
[White "Ponizil, C."]
[Black "Ernst, S."]
[Result "1/2-1/2"]
[WhiteElo "2428"]
[BlackElo "2566"]
[PlyCount "56"]
[EventDate "2014.08.02"]
[EventType "swiss"]
[EventRounds "9"]
[EventCountry "NED"]
[Source "Mark Crowther"]
[SourceDate "2014.08.11"]

1. e4 e5 2. Nf3 Nc6 3. Bc4 Bc5 4. c3 Nf6 5. d3 O-O 6. O-O d5 7. exd5 Nxd5 8.
Re1 Bg4 9. h3 Bh5 10. Nbd2 Nb6 11. b4 Be7 12. b5 Na5 13. g4 Bg6 14. Nxe5 Bf6
15. Nxg6 hxg6 16. Ne4 Naxc4 17. dxc4 Qxd1 18. Rxd1 Nxc4 19. Bf4 Rac8 20. Nxf6+
gxf6 21. Rd7 Nb6 22. Rxc7 Nd5 23. Rxc8 Rxc8 24. Bd2 Nxc3 25. a4 b6 26. Kg2 Nd5
27. Ra3 Rc4 28. Rd3 Nf4+ 1/2-1/2

[Event "18th HZ Open 2014"]
[Site "Vlissingen NED"]
[Date "2014.08.08"]
[Round "8.2"]
[White "Krasenkow, M."]
[Black "Fedorchuk, S."]
[Result "1/2-1/2"]
[WhiteElo "2628"]
[BlackElo "2665"]
[PlyCount "59"]
[EventDate "2014.08.02"]
[EventType "swiss"]
[EventRounds "9"]
[EventCountry "NED"]
[Source "Mark Crowther"]
[SourceDate "2014.08.11"]

1. Nf3 Nf6 2. c4 b6 3. g3 c5 4. Bg2 Bb7 5. O-O g6 6. b3 Bg7 7. Bb2 O-O 8. Nc3
Na6 9. Re1 d5 10. Nxd5 Nxd5 11. Bxg7 Kxg7 12. cxd5 Qxd5 13. d4 cxd4 14. Nh4 Qd7
15. Bxb7 Qxb7 16. Qxd4+ Kg8 17. Red1 Nc5 18. Ng2 Ne6 19. Qe5 Rfd8 20. Ne3 Qc7
21. Qe4 Nc5 22. Qc4 Qe5 23. b4 Ne6 24. Ng4 Qc7 25. Qxc7 Nxc7 26. Ne5 Kf8 27.
Nc6 Rxd1+ 28. Rxd1 Ke8 29. a4 a6 30. Ne5 1/2-1/2

[Event "18th HZ Open 2014"]
[Site "Vlissingen NED"]
[Date "2014.08.08"]
[Round "8.3"]
[White "Venkatesh, M."]
[Black "Ikonnikov, Vy"]
[Result "0-1"]
[WhiteElo "2503"]
[BlackElo "2551"]
[PlyCount "72"]
[EventDate "2014.08.02"]
[EventType "swiss"]
[EventRounds "9"]
[EventCountry "NED"]
[Source "Mark Crowther"]
[SourceDate "2014.08.11"]

1. Nf3 Nf6 2. c4 e6 3. g3 b6 4. Bg2 Bb7 5. O-O Be7 6. Nc3 O-O 7. Re1 d5 8. cxd5
exd5 9. d4 Nbd7 10. Bf4 Nh5 11. Bd2 Nhf6 12. Bf4 Nh5 13. Bd2 Nhf6 14. Rc1 Ne4
15. Bf4 c5 16. Bh3 Nxc3 17. bxc3 Nf6 18. Ne5 Re8 19. e3 h6 20. g4 Ne4 21. f3
Nd6 22. Bg2 Rc8 23. Nd3 Nc4 24. Re2 Bg5 25. Qe1 Ba6 26. Rd1 cxd4 27. cxd4 Bxf4
28. exf4 Rxe2 29. Qxe2 Nd6 30. Bf1 Bxd3 31. Rxd3 Nc4 32. f5 Qd6 33. Qf2 Qf4 34.
Qg3 Qc1 35. Qf2 Re8 36. f6 Re1 0-1

[Event "18th HZ Open 2014"]
[Site "Vlissingen NED"]
[Date "2014.08.08"]
[Round "8.4"]
[White "Van den Doel, E."]
[Black "De Jong, M."]
[Result "1/2-1/2"]
[WhiteElo "2554"]
[BlackElo "2345"]
[PlyCount "41"]
[EventDate "2014.08.02"]
[EventType "swiss"]
[EventRounds "9"]
[EventCountry "NED"]
[Source "Mark Crowther"]
[SourceDate "2014.08.11"]

1. e4 e6 2. d4 d5 3. Nc3 Bb4 4. exd5 exd5 5. Bd3 Nc6 6. a3 Bxc3+ 7. bxc3 Qf6 8.
Rb1 b6 9. Ne2 Bg4 10. h3 Bh5 11. Be3 Nge7 12. Qd2 Bg6 13. Ba6 Qd6 14. a4 Na5
15. O-O O-O 16. Nf4 Nc4 17. Bxc4 dxc4 18. Qe2 Be4 19. Bc1 Nd5 20. Nxd5 Bxd5 21.
Qg4 1/2-1/2

[Event "18th HZ Open 2014"]
[Site "Vlissingen NED"]
[Date "2014.08.08"]
[Round "8.5"]
[White "Hausrath, D."]
[Black "Zwirs, Nico"]
[Result "1-0"]
[WhiteElo "2530"]
[BlackElo "2284"]
[PlyCount "203"]
[EventDate "2014.08.02"]
[EventType "swiss"]
[EventRounds "9"]
[EventCountry "NED"]
[Source "Mark Crowther"]
[SourceDate "2014.08.11"]

1. Nf3 Nf6 2. g3 d5 3. Bg2 c6 4. b3 Bg4 5. Bb2 Nbd7 6. c4 e6 7. O-O Be7 8. d3
O-O 9. Nbd2 Re8 10. Qc2 Bf8 11. Rac1 a5 12. a3 h6 13. Rfe1 Bf5 14. Qb1 Bh7 15.
Qa1 Qb6 16. h3 a4 17. b4 c5 18. cxd5 exd5 19. bxc5 Bxc5 20. Bd4 Qd6 21. Bxc5
Nxc5 22. Qc3 Ne6 23. Rb1 Rec8 24. Qb4 Qxb4 25. Rxb4 Rc3 26. Ra1 Ra7 27. Ra2 g5
28. Nd4 Nxd4 29. Rxd4 Bf5 30. Nf1 Be6 31. f4 Ra5 32. Ne3 gxf4 33. gxf4 Bd7 34.
Kf2 Bc6 35. Bf3 Rac5 36. Nf5 Kf8 37. Rb4 Rb5 38. Rxa4 Rb1 39. Ra8+ Ne8 40. Nxh6
Kg7 41. Nf5+ Kf6 42. Ne3 d4 43. Ng4+ Ke7 44. Bxc6 Rxc6 45. Ra4 Rcc1 46. Rxd4
Rf1+ 47. Ke3 Nd6 48. Rd5 Rh1 49. Nf2 Rh2 50. Rc2 Rf1 51. Ng4 Rxh3+ 52. Kd2 Rxf4
53. Rc7+ Kf8 54. Rxd6 Rxg4 55. Rf6 Rh7 56. Rxb7 Ra4 57. Rb3 Rh1 58. Rf2 Ra7 59.
Kc2 Ra1 60. Kb2 Rd1 61. a4 Rd2+ 62. Ka3 Rc2 63. Rb8+ Kg7 64. Rg2+ Kf6 65. Rb4
Rc1 66. e4 Rd7 67. d4 Rc3+ 68. Kb2 Rd3 69. Rf2+ Ke6 70. d5+ Ke5 71. a5 Rd4 72.
Rxd4 Kxd4 73. Rd2+ Kxe4 74. d6 Ke3 75. Kc3 f5 76. Rd3+ Ke2 77. Rd4 Ke3 78. Rd3+
Ke2 79. Rd5 f4 80. Re5+ Kf2 81. Re6 f3 82. Kd4 Ra7 83. Re5 Kg1 84. Ke3 Rf7 85.
d7 Rxd7 86. Kxf3 Rd1 87. a6 Ra1 88. Re6 Ra4 89. Ke3 Kg2 90. Kd3 Kf3 91. Rf6+
Kg4 92. Kc3 Kg5 93. Kb3 Ra1 94. Rc6 Kf5 95. Kb4 Ke5 96. Kc5 Ra2 97. Kb6 Kd5 98.
Rc5+ Kd6 99. Rb5 Rh2 100. a7 Rh8 101. Kb7 Rh7+ 102. Ka6 1-0

[Event "18th HZ Open 2014"]
[Site "Vlissingen NED"]
[Date "2014.08.08"]
[Round "8.6"]
[White "Sadikhov, U."]
[Black "Geirnaert, S."]
[Result "1/2-1/2"]
[WhiteElo "2335"]
[BlackElo "2419"]
[PlyCount "65"]
[EventDate "2014.08.02"]
[EventType "swiss"]
[EventRounds "9"]
[EventCountry "NED"]
[Source "Mark Crowther"]
[SourceDate "2014.08.11"]

1. e4 e5 2. Nf3 Nc6 3. Bb5 a6 4. Bxc6 dxc6 5. O-O f6 6. d4 Bg4 7. dxe5 Qxd1 8.
Rxd1 fxe5 9. Be3 Bxf3 10. gxf3 Bd6 11. Nd2 Nf6 12. Kf1 O-O-O 13. Ke2 Nh5 14.
Rg1 Rhf8 15. Rg4 Rde8 16. Rd1 Re6 17. a4 g6 18. a5 Rf7 19. c3 Ref6 20. Bg5 Re6
21. Nc4 Be7 22. Be3 Bd8 23. Rd2 Rd7 24. Rxd7 Kxd7 25. Bg5 Be7 26. Be3 Bd6 27.
Rg1 Rf6 28. Rg4 Ke6 29. Bg5 Rf7 30. Be3 Rf8 31. Bh6 Rf7 32. Be3 Rf8 33. Bh6
1/2-1/2

[Event "18th HZ Open 2014"]
[Site "Vlissingen NED"]
[Date "2014.08.08"]
[Round "8.7"]
[White "Saravanan, V1."]
[Black "Ten Hertog, H."]
[Result "0-1"]
[WhiteElo "2320"]
[BlackElo "2356"]
[PlyCount "70"]
[EventDate "2014.08.02"]
[EventType "swiss"]
[EventRounds "9"]
[EventCountry "NED"]
[Source "Mark Crowther"]
[SourceDate "2014.08.11"]

1. d4 Nf6 2. c4 g6 3. Nc3 Bg7 4. e4 d6 5. Nf3 O-O 6. Be2 e5 7. O-O Qe8 8. d5 a5
9. h3 Na6 10. Be3 Nh5 11. Re1 Nf4 12. Bf1 Qd8 13. Kh2 f5 14. exf5 Bxf5 15. g3
g5 16. gxf4 gxf4 17. Bc1 Nc5 18. Nd2 Rf6 19. Nde4 Nxe4 20. Nxe4 Rg6 21. Bg2 Qh4
22. Qd3 Rf8 23. Rg1 Bxe4 24. Qxe4 Qxf2 25. Qf3 Qh4 26. Bd2 e4 27. Be1 exf3 28.
Bxh4 fxg2 29. Rxg2 Rxg2+ 30. Kxg2 f3+ 31. Kf2 Bxb2 32. Rg1+ Kh8 33. Rd1 Ba3 34.
Kf1 Rf4 35. Be1 Bb4 0-1

[Event "18th HZ Open 2014"]
[Site "Vlissingen NED"]
[Date "2014.08.08"]
[Round "8.8"]
[White "Romanishin, O."]
[Black "Vedder, R."]
[Result "1-0"]
[WhiteElo "2509"]
[BlackElo "2277"]
[PlyCount "91"]
[EventDate "2014.08.02"]
[EventType "swiss"]
[EventRounds "9"]
[EventCountry "NED"]
[Source "Mark Crowther"]
[SourceDate "2014.08.11"]

1. Nf3 Nf6 2. g3 b6 3. d4 e6 4. Bg2 Bb7 5. c4 Be7 6. Nc3 O-O 7. d5 Bb4 8. Bd2
Bxc3 9. Bxc3 exd5 10. Nh4 Ne4 11. Rc1 Re8 12. cxd5 Nxc3 13. Rxc3 d6 14. O-O Nd7
15. e4 a5 16. Qd4 g6 17. Nf3 Nc5 18. Re1 c6 19. Rce3 cxd5 20. exd5 Rxe3 21.
Rxe3 Qf8 22. a3 Re8 23. b4 Rxe3 24. Qxe3 axb4 25. axb4 Nd7 26. Nd2 Qa8 27. Qd4
Qa2 28. h3 h5 29. Kh2 b5 30. Ne4 Bxd5 31. Nc3 Qc4 32. Qxd5 Qxc3 33. Qxb5 Qc7
34. Qc6 Qxc6 35. Bxc6 Nb6 36. Kg2 Kf8 37. Kf3 Ke7 38. Ke4 Ke6 39. Kd4 Kf6 40.
Bd5 Nd7 41. Bb3 Nb6 42. b5 Ke7 43. Kc3 d5 44. Kd4 Kd6 45. h4 f6 46. f4 1-0

[Event "18th HZ Open 2014"]
[Site "Vlissingen NED"]
[Date "2014.08.08"]
[Round "8.9"]
[White "Bu Xiangzhi"]
[Black "Linster, P."]
[Result "1-0"]
[WhiteElo "2707"]
[BlackElo "2269"]
[PlyCount "99"]
[EventDate "2014.08.02"]
[EventType "swiss"]
[EventRounds "9"]
[EventCountry "NED"]
[Source "Mark Crowther"]
[SourceDate "2014.08.11"]

1. Nf3 Nf6 2. c4 e6 3. Nc3 Bb4 4. Qc2 O-O 5. a3 Bxc3 6. Qxc3 d6 7. g3 e5 8. Bg2
e4 9. Nd4 c5 10. Nc2 Nc6 11. b4 Be6 12. bxc5 dxc5 13. Bb2 Qa5 14. Qe3 Qd8 15.
Qxc5 Na5 16. Qg5 Nxc4 17. Bxf6 Qxf6 18. Qxf6 gxf6 19. Bxe4 Nd6 20. Bg2 Rac8 21.
Nd4 Rc4 22. e3 Rfc8 23. O-O b6 24. Rfb1 Bd7 25. Bf1 R4c5 26. a4 Ne4 27. Nb3
R5c7 28. a5 bxa5 29. Bg2 f5 30. f3 Nd6 31. Nxa5 Rc2 32. Nb3 Be6 33. Nd4 Rxd2
34. Bf1 Bc4 35. Bxc4 Rxc4 36. Rb8+ Nc8 37. Nxf5 Kf8 38. e4 Rc3 39. Rf1 Rcc2 40.
Ne3 Rc3 41. Rf2 Rxf2 42. Kxf2 Ke8 43. g4 Kd7 44. Nd5 Rc2+ 45. Kg3 a5 46. Ra8
Rc5 47. Kf4 Nd6 48. h4 Nc4 49. h5 Kc6 50. Ra7 1-0

[Event "18th HZ Open 2014"]
[Site "Vlissingen NED"]
[Date "2014.08.08"]
[Round "8.10"]
[White "Raghavi, N."]
[Black "Pruijssers, R."]
[Result "0-1"]
[WhiteElo "2275"]
[BlackElo "2517"]
[PlyCount "42"]
[EventDate "2014.08.02"]
[EventType "swiss"]
[EventRounds "9"]
[EventCountry "NED"]
[Source "Mark Crowther"]
[SourceDate "2014.08.11"]

1. e4 e5 2. Nf3 Nc6 3. Bb5 Bc5 4. O-O Nf6 5. Nxe5 Nxe5 6. d4 a6 7. Ba4 b5 8.
Bb3 Bxd4 9. Qxd4 d6 10. Qe3 Bb7 11. Nd2 c5 12. c3 O-O 13. Bc2 Re8 14. Rd1 Qe7
15. f3 d5 16. exd5 Nxd5 17. Qf2 c4 18. Ne4 Rac8 19. Qg3 f5 20. Nf2 Ng6 21. Bxf5
Qe1+ 0-1